MARC details
| 000 -LEADER |
| fixed length control field |
02301cam a2200361 i 4500 |
| 001 - CONTROL NUMBER |
| control field |
19263455 |
| 003 - CONTROL NUMBER IDENTIFIER |
| control field |
OSt |
| 005 - DATE AND TIME OF LATEST TRANSACTION |
| control field |
20260422020003.0 |
| 008 - FIXED-LENGTH DATA ELEMENTS--GENERAL INFORMATION |
| fixed length control field |
160831t2017 nyua 001 0 eng c |
| 010 ## - LIBRARY OF CONGRESS CONTROL NUMBER |
| LC control number |
2016040124 |
| 020 ## - INTERNATIONAL STANDARD BOOK NUMBER |
| International Standard Book Number |
9781107154834 |
| Qualifying information |
(hardback ; |
| -- |
alk. paper) |
| 035 ## - SYSTEM CONTROL NUMBER |
| System control number |
19263455 |
| 040 ## - CATALOGING SOURCE |
| Original cataloging agency |
OU/DLC |
| Language of cataloging |
eng |
| Transcribing agency |
OU |
| Description conventions |
rda |
| Modifying agency |
DLC |
| 042 ## - AUTHENTICATION CODE |
| Authentication code |
pcc |
| 082 00 - DEWEY DECIMAL CLASSIFICATION NUMBER |
| Classification number |
523.1 |
| Item number |
RYD |
| 100 1# - MAIN ENTRY--PERSONAL NAME |
| Personal name |
Ryden, Barbara, |
| Relator term |
author. |
| 9 (RLIN) |
3674 |
| 245 10 - TITLE STATEMENT |
| Title |
Introduction to cosmology / |
| Statement of responsibility, etc. |
Barbara Ryden, The Ohio State University. |
| 250 ## - EDITION STATEMENT |
| Edition statement |
2/e |
| 264 #1 - PRODUCTION, PUBLICATION, DISTRIBUTION, MANUFACTURE, AND COPYRIGHT NOTICE |
| Place of production, publication, distribution, manufacture |
New York, NY : |
| Name of producer, publisher, distributor, manufacturer |
Cambridge University Press, |
| Date of production, publication, distribution, manufacture, or copyright notice |
2017. |
| 300 ## - PHYSICAL DESCRIPTION |
| Extent |
xii, 264 pages ; |
| Dimensions |
26 cm |
| 336 ## - CONTENT TYPE |
| Content type term |
text |
| Content type code |
txt |
| Source |
rdacontent |
| 337 ## - MEDIA TYPE |
| Media type term |
unmediated |
| Media type code |
n |
| Source |
rdamedia |
| 338 ## - CARRIER TYPE |
| Carrier type term |
volume |
| Carrier type code |
nc |
| Source |
rdacarrier |
| 500 ## - GENERAL NOTE |
| General note |
Includes index. |
| 520 ## - SUMMARY, ETC. |
| Summary, etc. |
"The second edition of Introduction to Cosmology is an exciting update of this award-winning textbook. It is aimed primarily at advanced undergraduate students in physics and astronomy, but is also useful as a supplementary text at higher levels. It explains modern cosmological concepts, such as dark energy, in the context of the Big Bang theory. Its clear, lucid writing style, with a wealth of useful everyday analogies, makes it exceptionally engaging. Emphasis is placed on the links between theoretical concepts of cosmology and the observable properties of the universe, building deeper physical insights in the reader. The second edition includes recent observational results, fuller descriptions of special and general relativity, expanded discussions of dark energy, and a new chapter on baryonic matter that makes up stars and galaxies. It is an ideal textbook for the era of precision cosmology in the accelerating universe"-- |
| Assigning source |
Provided by publisher. |
| 650 #0 - SUBJECT ADDED ENTRY--TOPICAL TERM |
| Topical term or geographic name entry element |
Cosmology. |
| 9 (RLIN) |
1542 |
| 856 42 - ELECTRONIC LOCATION AND ACCESS |
| Materials specified |
Contributor biographical information |
| Uniform Resource Identifier |
<a href="https://www.loc.gov/catdir/enhancements/fy1618/2016040124-b.html">https://www.loc.gov/catdir/enhancements/fy1618/2016040124-b.html</a> |
| 856 42 - ELECTRONIC LOCATION AND ACCESS |
| Materials specified |
Publisher description |
| Uniform Resource Identifier |
<a href="https://www.loc.gov/catdir/enhancements/fy1618/2016040124-d.html">https://www.loc.gov/catdir/enhancements/fy1618/2016040124-d.html</a> |
| 856 41 - ELECTRONIC LOCATION AND ACCESS |
| Materials specified |
Table of contents only |
| Uniform Resource Identifier |
<a href="https://www.loc.gov/catdir/enhancements/fy1618/2016040124-t.html">https://www.loc.gov/catdir/enhancements/fy1618/2016040124-t.html</a> |
| 906 ## - LOCAL DATA ELEMENT F, LDF (RLIN) |
| a |
7 |
| b |
cbc |
| c |
orignew |
| d |
1 |
| e |
ecip |
| f |
20 |
| g |
y-gencatlg |
| 942 ## - ADDED ENTRY ELEMENTS (KOHA) |
| Source of classification or shelving scheme |
Dewey Decimal Classification |
| Koha item type |
Books |
| Koha issues (borrowed), all copies |
2 |